000 00294nam a2200133 4500
082 _a813.54
100 _aAllen Drury
245 _aAdvise and Consent
260 _aNew York
_bPocket Books, Inc.
_c1959
300 _a760p.
_e18cm.
650 _aFiction
700 _aDrury, Allen
942 _cBK
999 _c12305
_d12305